000 00727cab a2200241 4500
001 ABS58497
008 090401t1998 xxu||||| |||| 00| 0 eng d
035 _a(Sirsi) u85302
041 _aeng
100 _aGordon, A.
245 _aStrategies to help in the game of risk
260 _c1998
350 _a0
490 _aProperty Week
_v62(10) 20 March 1998, 30(1)
520 _aReports how strategies to deal with risk can be grouped into three broad categories; risk avoidance, risk control and uncontrolled risk.
650 _aPRACTICE MANAGEMENT
650 _aRISK AVOIDANCE
650 _aRISK CONTROL
650 _aRISK MANAGEMENT
690 _aProject management
_96261
942 _n0
948 _c30/03/1998
999 _c53630
_d53630